Economic Survey 2025 (Record no. 4132)
[ view plain ]
| 000 -LEADER | |
|---|---|
| fixed length control field | 00465nam a22001457a 4500 |
| 008 - FIXED-LENGTH DATA ELEMENTS--GENERAL INFORMATION | |
| fixed length control field | 230605b xxu||||| |||| 00| 0 eng d |
| 020 ## - INTERNATIONAL STANDARD BOOK NUMBER | |
| International Standard Book Number | 978-9966-102-49-2 |
| 020 ## - INTERNATIONAL STANDARD BOOK NUMBER | |
| International Standard Book Number | 978-9966-102-48-5 |
| 082 ## - DEWEY DECIMAL CLASSIFICATION NUMBER | |
| Classification number | 330.97 |
| Item number | KEN |
| 245 ## - TITLE STATEMENT | |
| Title | Economic Survey 2025 |
| Statement of responsibility, etc. | Kenya National Bureau of Statistics |
| 260 ## - PUBLICATION, DISTRIBUTION, ETC. (IMPRINT) | |
| Place of publication, distribution, etc. | Nairobi: |
| Name of publisher, distributor, etc. | Kenya National Bureau of Statistics, |
| Date of publication, distribution, etc. | 2025 |
| 300 ## - PHYSICAL DESCRIPTION | |
| Extent | xxxvi, 554p |
| 710 ## - ADDED ENTRY--CORPORATE NAME | |
| Subordinate unit | Kenya National Bureau of Statistics |
| Location of meeting | Nairobi |
| Date of meeting or treaty signing | 2025 |
| 942 ## - ADDED ENTRY ELEMENTS (KOHA) | |
| Source of classification or shelving scheme | Dewey Decimal Classification |
| Koha item type | Books |
| Withdrawn status | Lost status | Source of classification or shelving scheme | Damaged status | Not for loan | Home library | Current library | Date acquired | Total Checkouts | Full call number | Barcode | Date last seen | Price effective from | Koha item type |
|---|---|---|---|---|---|---|---|---|---|---|---|---|---|
| Dewey Decimal Classification | Continental House Library | Continental House Library | 09/03/2025 | 330.97 KEN | 2025/0114 | 09/16/2025 | 09/16/2025 | Books | |||||
| Dewey Decimal Classification | Continental House Library | Continental House Library | 09/03/2025 | 330.97 KEN | 2025/0115 | 09/16/2025 | 09/16/2025 | Books |
